000 00692nam a2200217 i 4500
001 10548
003 ES-MaACL
005 20250808085331.0
007 t|
008 950824s1956 sp f |||| | spa d
080 _a34(46:8.03)"15/17"
100 1 _aMejías González, Manuel.
_979875
245 1 4 _aLas leyes de Indias /
_cpor Manuel Mejías González.
260 _aMadrid :
_bPublicaciones Españolas,
_c1956.
300 _a29 p., [4] p. de lám. ;
_c24 cm.
490 1 _aTemas españoles ;
_v225
650 1 4 _aDerecho colonial-
_zAmérica española
_911671
830 0 _aTemas españoles ;
_v225
_9178712
852 _aES-MaACL
_jL-17828
999 _c10548
_d10548